[Event "CHN Nat Games qual (Women) 15th"]
[Site "Huairou District"]
[Date "2025.06.12"]
[Round "6"]
[White "Lei, Tingjie"]
[Black "Zhu, Jiner"]
[Result "1/2-1/2"]
[WhiteElo "2552"]
[BlackElo "2547"]
[PlyCount "57"]
[EventDate "2025.06.11"]
[EventType "swiss (rapid)"]
[EventRounds "9"]
[EventCountry "CHN"]
[SourceTitle "CB25_2025"]
[SourceDate "2025.06.18"]
[SourceVersion "1"]
[SourceVersionDate "2025.06.18"]
[SourceQuality "1"]

1. Nf3 d5 2. e3 Nf6 3. c4 e6 4. Nc3 Be7 5. b3 c5 6. cxd5 exd5 7. d4 Ne4 8. Bb2 Nc6 9. Rc1 Bf6 10. dxc5 Qa5 11. Nd4 Nxc5 12. Be2 Ne4 13. 0-0 Nxd4 14. exd4 0-0 15. Bd3 Bf5 16. a3 Bg6 17. Ne2 Rfe8 18. f3 Qd2 19. fxe4 Qxb2 20. e5 Bg5 21. Bxg6 hxg6 22. Rc7 Re7 23. Rxe7 Bxe7 24. Nf4 Bg5 25. e6 Rf8 26. exf7+ Rxf7 27. Nxd5 Rxf1+ 28. Kxf1 Qxa3 29. g3 1/2-1/2

[Event "Norway Chess op-A"]
[Site "Stavanger"]
[Date "2025.05.27"]
[Round "7"]
[White "Zhu, Jiner"]
[Black "Chakrabarty, Reyaansh"]
[Result "1/2-1/2"]
[WhiteElo "2541"]
[BlackElo "2346"]
[PlyCount "93"]
[EventDate "2025.05.27"]
[EventType "swiss"]
[EventRounds "9"]
[EventCountry "NOR"]
[SourceTitle "CB23_2025"]
[SourceDate "2025.06.04"]
[SourceVersion "1"]
[SourceVersionDate "2025.06.04"]
[SourceQuality "1"]

1. e4 c6 2. d4 d5 3. e5 c5 4. dxc5 e6 5. a3 Bxc5 6. Qg4 Ne7 7. Nf3 0-0 8. b4 Bb6 9. Bd3 f5 10. exf6 Rxf6 11. Qh5 h6 12. Bb2 Rf8 13. Nbd2 Nd7 14. 0-0 Nf6 15. Bxf6 Rxf6 16. Rad1 Qf8 17. c4 Bd7 18. c5 Bc7 19. Ne5 Be8 20. Qe2 Bxe5 21. Qxe5 Bg6 22. Nb3 Bxd3 23. Rxd3 Ng6 24. Qe3 Qf7 25. Rfd1 Rf8 26. f3 Nf4 27. Nc1 e5 28. R3d2 e4 29. Rf1 exf3 30. gxf3 Nh3+ 31. Kh1 Rxf3 32. Rxf3 Qxf3+ 33. Qxf3 Rxf3 34. Kg2 Rxa3 35. Ne2 Re3 36. Rxd5 Rxe2+ 37. Kxh3 Re4 38. b5 Rb4 39. c6 bxc6 40. bxc6 Rc4 41. Ra5 Rxc6 42. Rxa7 Kh7 43. Kg3 Rc4 44. Ra6 g5 45. h3 h5 46. Ra7+ Kg6 47. Ra6+ 1/2-1/2

[Event "Sharjah Masters-A 8th"]
[Site "Sharjah"]
[Date "2025.05.24"]
[Round "8"]
[White "Royal, Shreyas"]
[Black "Zhu, Jiner"]
[Result "0-1"]
[WhiteElo "2493"]
[BlackElo "2541"]
[PlyCount "84"]
[EventDate "2025.05.17"]
[EventType "swiss"]
[EventRounds "9"]
[EventCountry "UAE"]
[SourceTitle "CB22_2025"]
[SourceDate "2025.05.28"]
[SourceVersion "1"]
[SourceVersionDate "2025.05.28"]
[SourceQuality "1"]

1. d4 Nf6 2. c4 e6 3. g3 d5 4. Bg2 Bb4+ 5. Bd2 Be7 6. Nf3 0-0 7. 0-0 c6 8. Bc3 a5 9. Nbd2 b5 10. b3 Nbd7 11. c5 Qc7 12. Qc2 Ba6 13. Rfe1 Rfe8 14. a3 h6 15. b4 a4 16. Bb2 Rad8 17. e4 Nxe4 18. Nxe4 dxe4 19. Rxe4 Nf6 20. Re2 Nd5 21. Ne5 Bc8 22. h4 Bf6 23. Rd1 Rf8 24. Red2 Bd7 25. Bf3 Be8 26. Qe4 Be7 27. Be2 Bf6 28. Bf3 Be7 29. Be2 f5 30. Qg2 Bf6 31. Nd3 g5 32. hxg5 hxg5 33. Bf3 Kg7 34. Re1 Bf7 35. Rde2 Rh8 36. Ne5 Be8 37. Rc2 Bh5 38. Bc1 Bxf3 39. Nxf3 g4 40. Ng5 Bxg5 41. Bxg5 Rde8 42. Rce2 Kf7 0-1

[Event "Chess.com Classic Play In"]
[Site "Chess.com INT"]
[Date "2025.05.19"]
[Round "9"]
[White "Deac, Bogdan Daniel"]
[Black "Zhu, Jiner"]
[Result "1-0"]
[WhiteElo "2668"]
[BlackElo "2541"]
[PlyCount "69"]
[EventDate "2025.05.19"]
[EventType "swiss (blitz)"]
[EventRounds "9"]
[EventCountry "USA"]
[SourceTitle "CB21_2025"]
[SourceDate "2025.05.21"]
[SourceVersion "1"]
[SourceVersionDate "2025.05.21"]
[SourceQuality "1"]

1. Nf3 Nf6 2. c4 e6 3. g3 d5 4. Bg2 d4 5. d3 Bb4+ 6. Bd2 a5 7. 0-0 Nc6 8. e3 0-0 9. exd4 Nxd4 10. Bc3 Bxc3 11. Nxc3 Nxf3+ 12. Qxf3 e5 13. Rfe1 Re8 14. h3 c6 15. Rad1 Qd4 16. g4 Be6 17. Qg3 Nd7 18. Re4 Qb6 19. b3 f6 20. d4 Bf7 21. d5 cxd5 22. Nxd5 Bxd5 23. cxd5 Qd6 24. Rc4 Rac8 25. Qc3 Rxc4 26. Qxc4 Nb6 27. Qb5 Ra8 28. a3 a4 29. bxa4 Nxa4 30. Qxb7 Rd8 31. Rc1 Qxa3 32. Rc7 Qf8 33. d6 Rxd6 34. Rc8 Rd8 35. Qd5+ 1-0

[Event "Chess.com Classic Play In"]
[Site "Chess.com INT"]
[Date "2025.05.19"]
[Round "6"]
[White "Dreev, Alexey"]
[Black "Zhu, Jiner"]
[Result "0-1"]
[WhiteElo "2590"]
[BlackElo "2541"]
[PlyCount "60"]
[EventDate "2025.05.19"]
[EventType "swiss (blitz)"]
[EventRounds "9"]
[EventCountry "USA"]
[SourceTitle "CB21_2025"]
[SourceDate "2025.05.21"]
[SourceVersion "1"]
[SourceVersionDate "2025.05.21"]
[SourceQuality "1"]

1. d4 Nf6 2. Nf3 d5 3. c4 e6 4. cxd5 exd5 5. Qc2 Nc6 6. Bg5 Nb4 7. Qb3 Bf5 8. Na3 Bd6 9. e3 c6 10. Be2 0-0 11. 0-0 a5 12. Nh4 Be6 13. Nf3 Bf5 14. Ne5 h6 15. Bh4 g5 16. Bg3 Ne4 17. Qd1 Qe7 18. Nd3 Nxd3 19. Bxd3 Bxg3 20. fxg3 Bg6 21. Nc2 b6 22. Ne1 c5 23. Nf3 Nxg3 24. Re1 Bxd3 25. Qxd3 Qe4 26. Qb3 Nf5 27. Qxb6 Rab8 28. Qf6 Rxb2 29. dxc5 Rfb8 30. h3 Qc2 0-1

[Event "Chess.com Classic Play In"]
[Site "Chess.com INT"]
[Date "2025.05.19"]
[Round "8"]
[White "Shimanov, Aleksandr"]
[Black "Zhu, Jiner"]
[Result "1/2-1/2"]
[WhiteElo "2578"]
[BlackElo "2541"]
[PlyCount "139"]
[EventDate "2025.05.19"]
[EventType "swiss (blitz)"]
[EventRounds "9"]
[EventCountry "USA"]
[SourceTitle "CB21_2025"]
[SourceDate "2025.05.21"]
[SourceVersion "1"]
[SourceVersionDate "2025.05.21"]
[SourceQuality "1"]

1. e4 c5 2. d4 cxd4 3. Qxd4 Nc6 4. Qd3 d6 5. Nc3 g6 6. Nf3 Bg7 7. Be2 Nf6 8. 0-0 0-0 9. Nd5 Nd7 10. c3 Nc5 11. Qc2 f5 12. exf5 Bxf5 13. Qd1 Kh8 14. Bg5 Ne4 15. Bh4 Qd7 16. Ne3 Be6 17. Re1 Bg8 18. Qc2 Nc5 19. Ng5 Ne5 20. Bg3 a5 21. Ne4 Nxe4 22. Qxe4 Qc6 23. Qc2 b5 24. f4 Qc5 25. fxe5 Qxe3+ 26. Kh1 Qc5 27. exd6 exd6 28. Rad1 Rad8 29. Qd2 Qc6 30. Bh4 Rde8 31. a3 Bb3 32. Rc1 Bd5 33. Bg4 Be4 34. Bg5 h5 35. Bh3 Kh7 36. Rcd1 d5 37. Be3 Rf7 38. Kg1 Ref8 39. Rf1 Rxf1+ 40. Rxf1 Rxf1+ 41. Kxf1 Qc4+ 42. Kg1 b4 43. cxb4 axb4 44. Qxb4 Qxb4 45. axb4 Bxb2 46. b5 d4 47. Bg5 d3 48. Kf1 Bc3 49. Bd7 Bd5 50. b6 d2 51. Ba4 Bc4+ 52. Kf2 Ba6 53. Ke3 Kg7 54. Ke4 Kf7 55. Kd5 Bb7+ 56. Kd6 Bxg2 57. Bb3+ Kg7 58. Kc7 Be5+ 59. Kc8 Bxh2 60. Bxd2 h4 61. Be6 Kf6 62. Bd7 h3 63. b7 Bg3 64. Be1 Bxb7+ 65. Kxb7 Bxe1 66. Bxh3 Ke5 67. Bc8 Kf4 68. Kc6 g5 69. Kd5 g4 70. Bxg4 1/2-1/2

[Event "Chess.com Classic Play In"]
[Site "Chess.com INT"]
[Date "2025.05.19"]
[Round "2"]
[White "Zhu, Jiner"]
[Black "Svidler, Peter"]
[Result "1/2-1/2"]
[WhiteElo "2541"]
[BlackElo "2698"]
[PlyCount "85"]
[EventDate "2025.05.19"]
[EventType "swiss (blitz)"]
[EventRounds "9"]
[EventCountry "USA"]
[SourceTitle "CB21_2025"]
[SourceDate "2025.05.21"]
[SourceVersion "1"]
[SourceVersionDate "2025.05.21"]
[SourceQuality "1"]

1. e4 c5 2. Nf3 e6 3. d4 cxd4 4. Nxd4 a6 5. Nc3 b5 6. Bd3 Bb7 7. 0-0 Nc6 8. Nxc6 Bxc6 9. Re1 Qb8 10. a4 b4 11. Nd5 Bd6 12. f4 Ne7 13. Qg4 Ng6 14. f5 Bxh2+ 15. Kh1 Qg3 16. Qxg3 Bxg3 17. Re3 Bd6 18. fxg6 hxg6+ 19. Kg1 Rb8 20. Re2 f5 21. Bf4 Bc5+ 22. Ne3 Ra8 23. exf5 gxf5 24. Ree1 Kf7 25. Kf1 g5 26. Be5 f4 27. Bxh8 Rxh8 28. Ng4 d6 29. Nf2 g4 30. Be4 Bxe4 31. Nxe4 Be3 32. Nxd6+ Kf6 33. Nc4 Bc5 34. Nd2 Kf5 35. Ke2 Rh2 36. Kd3 Rxg2 37. Nc4 Rg3+ 38. Kd2 Kf6 39. Re4 Rg2+ 40. Kd3 Rg3+ 41. Kd2 Rg2+ 42. Kd3 Rg3+ 43. Kd2 1/2-1/2

[Event "Chess.com Classic Play In"]
[Site "Chess.com INT"]
[Date "2025.05.19"]
[Round "7"]
[White "Zhu, Jiner"]
[Black "Yilmaz, Mustafa"]
[Result "0-1"]
[WhiteElo "2541"]
[BlackElo "2586"]
[PlyCount "132"]
[EventDate "2025.05.19"]
[EventType "swiss (blitz)"]
[EventRounds "9"]
[EventCountry "USA"]
[SourceTitle "CB21_2025"]
[SourceDate "2025.05.21"]
[SourceVersion "1"]
[SourceVersionDate "2025.05.21"]
[SourceQuality "1"]

1. e4 c5 2. Nf3 d6 3. d4 cxd4 4. Nxd4 Nf6 5. Nc3 a6 6. Be3 e5 7. Nb3 Be6 8. f3 h5 9. Qd2 Nbd7 10. Nd5 Bxd5 11. exd5 g6 12. Be2 Rc8 13. 0-0-0 Nb6 14. Na5 Nbxd5 15. Bg5 Qc7 16. Kb1 Be7 17. g3 Nb6 18. c4 Nfd7 19. Bxe7 Kxe7 20. f4 Rhd8 21. f5 g5 22. f6+ Nxf6 23. Qxg5 Nbd7 24. Qd2 b6 25. Nb3 a5 26. Rhf1 a4 27. Na1 a3 28. Nc2 Ne4 29. Qh6 Ndf6 30. Ne3 axb2 31. Rxf6 Nxf6 32. Rf1 Rf8 33. Qxf6+ Kd7 34. Bxh5 Qc5 35. Bg4+ Kc6 36. Qf3+ Kc7 37. Bxc8 Rxc8 38. Qxf7+ Kb8 39. Qf2 Qd4 40. Rd1 Qe4+ 41. Kxb2 b5 42. Nc2 Rxc4 43. Qb6+ Kc8 44. Qa6+ Kb8 45. Qxd6+ Ka7 46. Qe7+ Kb6 47. Rd6+ Rc6 48. Rxc6+ Kxc6 49. Qe6+ Kc5 50. Qc8+ Kd6 51. Qd8+ Ke6 52. Qe8+ Kd6 53. Qxb5 Qg2 54. Qb4+ Ke6 55. Qb3+ Kf6 56. h4 e4 57. Qc3+ Kf5 58. Qc5+ Kg4 59. Qg5+ Kh3 60. Qf5+ Kh2 61. Qf4 Qe2 62. g4+ Kh3 63. Qe3+ Qxe3 64. Nxe3 Kg3 65. g5 Kf4 66. Nd5+ Kf3 0-1

[Event "Grosslobming FIDE GP (Women)"]
[Site "Grosslobming"]
[Date "2025.05.15"]
[Round "9"]
[White "Kosteniuk, Alexandra"]
[Black "Zhu, Jiner"]
[Result "1/2-1/2"]
[WhiteElo "2479"]
[BlackElo "2541"]
[PlyCount "117"]
[EventDate "2025.05.06"]
[EventType "tourn"]
[EventRounds "9"]
[EventCountry "AUT"]
[EventCategory "10"]
[SourceTitle "CB21_2025"]
[SourceDate "2025.05.21"]
[SourceVersion "1"]
[SourceVersionDate "2025.05.21"]
[SourceQuality "1"]

1. d4 Nf6 2. c4 e6 3. Nc3 Bb4 4. e3 0-0 5. Bd3 d5 6. a3 Bxc3+ 7. bxc3 dxc4 8. Bxc4 c5 9. Ne2 Qc7 10. Bd3 e5 11. dxe5 Qxe5 12. 0-0 Bf5 13. f4 Qe6 14. Bxf5 Qxf5 15. Ng3 Qd5 16. Qxd5 Nxd5 17. Rb1 b6 18. c4 Nc7 19. Bb2 Nc6 20. Nf5 f6 21. Rfd1 Rad8 22. Bc3 Kf7 23. g4 Rxd1+ 24. Rxd1 Rd8 25. Rxd8 Nxd8 26. Kf2 Ne8 27. Ke2 Ke6 28. Ng3 Nd6 29. Kd3 g6 30. e4 Nc6 31. h4 a6 32. Nf1 b5 33. Ne3 f5 34. exf5+ gxf5 35. g5 Ne4 36. Nd5 Nf2+ 37. Ke3 Ng4+ 38. Kd3 Nf2+ 39. Ke3 Ng4+ 40. Kd2 bxc4 41. Nb6 h5 42. gxh6 Nxh6 43. Nxc4 Kd5 44. Kd3 Ke6 45. Ne3 Ng4 46. h5 Ne7 47. Bb2 Nxe3 48. Kxe3 Nd5+ 49. Kd3 Nxf4+ 50. Kc4 Nxh5 51. Kxc5 f4 52. Bd4 f3 53. Kb6 Kd5 54. Bf2 Nf6 55. Kxa6 Ne4 56. Bg1 Kc4 57. a4 Nc5+ 58. Ka5 Nxa4 59. Kxa4 1/2-1/2

[Event "Grosslobming FIDE GP (Women)"]
[Site "Grosslobming"]
[Date "2025.05.14"]
[Round "8"]
[White "Zhu, Jiner"]
[Black "Badelka, Olga"]
[Result "1/2-1/2"]
[WhiteElo "2541"]
[BlackElo "2426"]
[PlyCount "83"]
[EventDate "2025.05.06"]
[EventType "tourn"]
[EventRounds "9"]
[EventCountry "AUT"]
[EventCategory "10"]
[SourceTitle "CB21_2025"]
[SourceDate "2025.05.21"]
[SourceVersion "1"]
[SourceVersionDate "2025.05.21"]
[SourceQuality "1"]

1. e4 e6 2. d4 d5 3. Nc3 Nf6 4. e5 Nfd7 5. f4 c5 6. Nf3 Nc6 7. Be3 a6 8. a3 cxd4 9. Nxd4 Bc5 10. Be2 0-0 11. Qd2 Ndxe5 12. Nxc6 Bxe3 13. Nxd8 Bxd2+ 14. Kxd2 Nc4+ 15. Bxc4 dxc4 16. Nxf7 Rxf7 17. Rhf1 b5 18. g3 Bb7 19. Rae1 Rd8+ 20. Kc1 Rd6 21. Re5 Rfd7 22. Rd1 Bf3 23. Rxd6 Rxd6 24. Re3 Bg4 25. Re1 Bf5 26. a4 b4 27. Rd1 Rc6 28. Ne2 Rc5 29. Rd6 Ra5 30. b3 Rc5 31. bxc4 Rxc4 32. Nd4 Bxc2 33. Nxc2 b3 34. Rxe6 Rxc2+ 35. Kb1 Rxh2 36. Rxa6 h5 37. a5 Ra2 38. Ra8+ Kh7 39. a6 g6 40. Ra7+ Kg8 41. Kc1 Kh8 42. Kb1 1/2-1/2

[Event "Grosslobming FIDE GP (Women)"]
[Site "Grosslobming"]
[Date "2025.05.09"]
[Round "4"]
[White "Javakhishvili, Lela"]
[Black "Zhu, Jiner"]
[Result "0-1"]
[WhiteElo "2430"]
[BlackElo "2541"]
[PlyCount "120"]
[EventDate "2025.05.06"]
[EventType "tourn"]
[EventRounds "9"]
[EventCountry "AUT"]
[EventCategory "10"]
[SourceTitle "CB21_2025"]
[SourceDate "2025.05.21"]
[SourceVersion "1"]
[SourceVersionDate "2025.05.21"]
[SourceQuality "1"]

1. d4 Nf6 2. Nf3 e6 3. g3 b6 4. Bg2 Bb7 5. c4 Bb4+ 6. Bd2 Be7 7. Nc3 c6 8. 0-0 d5 9. Bf4 0-0 10. Nd2 dxc4 11. Nxc4 Nd5 12. Qd2 Nxf4 13. Qxf4 Nd7 14. Ne4 Ba6 15. Rac1 Rc8 16. h4 Nf6 17. Rfd1 Bxc4 18. Rxc4 c5 19. Nc3 Qe8 20. dxc5 Bxc5 21. Ne4 Nxe4 22. Qxe4 Qb5 23. b3 Rfd8 24. Qc2 a5 25. a4 Qe8 26. e3 Rxd1+ 27. Qxd1 Rd8 28. Qe2 Qd7 29. Be4 Qd1+ 30. Qxd1 Rxd1+ 31. Kg2 f5 32. Bc2 Rd2 33. Kf1 Bb4 34. Kg2 Kf7 35. g4 g6 36. h5 Kf6 37. hxg6 hxg6 38. gxf5 exf5 39. Kg3 Bc5 40. Rc3 g5 41. Bd3 g4 42. Ba6 Bd6+ 43. f4 Bc5 44. Rd3 Rb2 45. Bc4 Kg6 46. Bd5 Bb4 47. Bg2 Be1+ 48. Kh2 Kh5 49. Rd8 Bd2 50. Rh8+ Kg6 51. Rg8+ Kf7 52. Bd5+ Ke7 53. e4 Bxf4+ 54. Kg1 Kd6 55. Ba8 Be3+ 56. Kh1 Rb1+ 57. Kh2 g3+ 58. Kg2 f4 59. Rg6+ Ke5 60. Bd5 Rb2+ 0-1

[Event "Pune FIDE GP (Women)"]
[Site "Pune"]
[Date "2025.04.16"]
[Round "3"]
[White "Zhu, Jiner"]
[Black "Melia, Salome"]
[Result "1/2-1/2"]
[WhiteElo "2525"]
[BlackElo "2293"]
[PlyCount "152"]
[EventDate "2025.04.14"]
[EventType "tourn"]
[EventRounds "9"]
[EventCountry "IND"]
[EventCategory "9"]
[SourceTitle "CB18_2025"]
[SourceDate "2025.04.30"]
[SourceVersion "1"]
[SourceVersionDate "2025.04.30"]
[SourceQuality "1"]

1. e4 c5 2. Nf3 Nc6 3. Bb5 g6 4. 0-0 Bg7 5. d3 d6 6. e5 dxe5 7. Bxc6+ bxc6 8. Re1 Qc7 9. Nbd2 Nh6 10. Nc4 f6 11. Be3 Be6 12. b3 0-0 13. Bxc5 Bd5 14. Qe2 Nf7 15. Nfd2 Rfe8 16. f3 Ng5 17. Qf2 Ne6 18. Rab1 Bh6 19. a4 Bf4 20. Kh1 h5 21. b4 Kg7 22. Be3 Bxc4 23. Nxc4 Bxe3 24. Rxe3 Rab8 25. Ree1 Red8 26. Rb2 Nd4 27. Reb1 Qd7 28. Qe3 h4 29. h3 Nf5 30. Qf2 Qc7 31. Re1 Rd4 32. Rbb1 Qd7 33. Kg1 Qc7 34. Re4 Qd7 35. Qe1 Rb7 36. Na5 Rb6 37. Nb3 Rxe4 38. fxe4 Ng3 39. Nc5 Qd4+ 40. Kh2 Qd6 41. Qf2 Rb8 42. c3 Kh7 43. Rd1 Rf8 44. Nb7 Qc7 45. Nc5 Qd6 46. Qa2 f5 47. Ne6 Rf6 48. Ng5+ Kg7 49. Qb3 Qb8 50. Qc4 fxe4 51. dxe4 Qb6 52. Ne6+ Kh6 53. Nc5 Qb8 54. Qd3 Qd6 55. Qb1 Qc7 56. Qd3 Qd6 57. Qc2 Qc7 58. Kg1 g5 59. a5 Qd8 60. Qb1 Qc7 61. Qd3 Qd6 62. Qxd6 exd6 63. Nd7 Rf4 64. Rxd6+ Kg7 65. Rd1 Ne2+ 66. Kh2 Rxe4 67. Nc5 Rc4 68. Rd7+ Kg6 69. Rxa7 Rxc3 70. Rd7 Nd4 71. a6 Rc2 72. Nd3 Ra2 73. Nxe5+ Kf5 74. Rxd4 Kxe5 75. Rg4 Kf5 76. Rc4 Rxa6 1/2-1/2

[Event "Titled Tuesday intern op 01st Apr Early"]
[Site "Chess.com INT"]
[Date "2025.04.01"]
[Round "4"]
[White "Xiao, Tong"]
[Black "Zhu, Jiner"]
[Result "1/2-1/2"]
[WhiteElo "2491"]
[BlackElo "2514"]
[PlyCount "141"]
[EventDate "2025.04.01"]
[EventType "swiss (blitz)"]
[EventRounds "11"]
[EventCountry "USA"]
[SourceTitle "CB15_2025"]
[SourceDate "2025.04.09"]
[SourceVersion "1"]
[SourceVersionDate "2025.04.09"]
[SourceQuality "1"]

1. Nf3 Nf6 2. c4 g6 3. b3 Bg7 4. Bb2 0-0 5. g3 d6 6. d4 b6 7. Bg2 Bb7 8. Nc3 Nbd7 9. Qc2 e5 10. d5 a5 11. 0-0 Nc5 12. a3 Bc8 13. e4 a4 14. b4 Nb3 15. Rad1 Bg4 16. Nb5 Re8 17. h3 Bd7 18. Rfe1 Nh5 19. Nd2 Nxd2 20. Qxd2 f5 21. exf5 gxf5 22. Nc3 Qf6 23. Qe2 Qg6 24. Kh2 Kh8 25. Bc1 e4 26. Nb5 Bxb5 27. cxb5 Be5 28. Bb2 f4 29. Bxe4 fxg3+ 30. Kh1 Qg5 31. Bg2 Nf4 32. Bxe5+ Rxe5 33. Qf3 gxf2 34. Rxe5 Qxe5 35. Qxf2 Rg8 36. Bf3 Nxh3 37. Qh4 Ng5 38. Bg2 Nf7 39. Rf1 Qg5 40. Qxg5 Nxg5 41. Rc1 Rg7 42. Kh2 Re7 43. Kg3 Kg7 44. Kf4 Kf6 45. Rh1 Kg6 46. Bf1 h6 47. Bd3+ Kg7 48. Rc1 Nf7 49. Bf5 Ne5 50. Be6 Kf6 51. Rg1 Rg7 52. Rh1 Rh7 53. Rh5 Ng6+ 54. Ke4 Ne5 55. Rf5+ Ke7 56. Rh5 Rh8 57. Kf5 Nc4 58. Rh3 Rf8+ 59. Ke4 Rf6 60. Kd4 Ne5 61. Rg3 Rg6 62. Rc3 Rg1 63. Rxc7+ Kf6 64. Rb7 Rd1+ 65. Ke4 Re1+ 66. Kf4 Rf1+ 67. Ke4 Re1+ 68. Kd4 Rd1+ 69. Ke4 Nc4 70. Rc7 Ne5 71. Rb7 1/2-1/2

[Event "Titled Tuesday intern op 01st Apr Early"]
[Site "Chess.com INT"]
[Date "2025.04.01"]
[Round "6"]
[White "Zhu, Jiner"]
[Black "Devagharan, Devina"]
[Result "0-1"]
[WhiteElo "2514"]
[BlackElo "1860"]
[PlyCount "94"]
[EventDate "2025.04.01"]
[EventType "swiss (blitz)"]
[EventRounds "11"]
[EventCountry "USA"]
[SourceTitle "CB15_2025"]
[SourceDate "2025.04.09"]
[SourceVersion "1"]
[SourceVersionDate "2025.04.09"]
[SourceQuality "1"]

1. Nf3 d5 2. g3 Nf6 3. Bg2 g6 4. 0-0 Bg7 5. d3 0-0 6. Nbd2 c5 7. e4 Nc6 8. Re1 d4 9. a4 e5 10. Nc4 Ne8 11. h3 Nd6 12. b3 Be6 13. Ng5 Bxc4 14. bxc4 h6 15. Nf3 b6 16. Nh2 Rc8 17. Bd2 Ne7 18. f4 Qd7 19. Nf3 Nc6 20. Kh2 Rce8 21. a5 f5 22. Nxe5 Nxe5 23. fxe5 Bxe5 24. Bxh6 Bg7 25. Bxg7 Qxg7 26. axb6 axb6 27. Rb1 fxe4 28. Rxb6 Qc7 29. Ra6 e3 30. Qg4 Kg7 31. Rea1 Re7 32. Rc6 Qb8 33. Rxc5 e2 34. Re1 Nf5 35. Rxf5 Rxf5 36. Rxe2 Rxe2 37. Qxe2 Qd6 38. h4 Re5 39. Qg4 Re3 40. h5 Kh6 41. hxg6 Qxg6 42. Qf4+ Qg5 43. Qf8+ Qg7 44. Qd6+ Qg6 45. Qf8+ Qg7 46. Qa8 Qxg3+ 47. Kg1 Re1# 0-1

[Event "Nikosia FIDE GP (Women)"]
[Site "Nicosia"]
[Date "2025.03.22"]
[Round "7"]
[White "Zhu, Jiner"]
[Black "Divya, Deshmukh"]
[Result "1-0"]
[WhiteElo "2514"]
[BlackElo "2470"]
[PlyCount "73"]
[EventDate "2025.03.15"]
[EventType "tourn"]
[EventRounds "9"]
[EventCountry "CYP"]
[EventCategory "10"]
[SourceTitle "CB13_2025"]
[SourceDate "2025.03.26"]
[SourceVersion "1"]
[SourceVersionDate "2025.03.26"]
[SourceQuality "1"]

1. e4 e6 2. d4 d5 3. Nc3 Nf6 4. e5 Nfd7 5. f4 c5 6. Nf3 Nc6 7. Be3 Be7 8. Qd2 a6 9. a3 0-0 10. dxc5 Nxc5 11. Bd3 f5 12. exf6 Nxd3+ 13. Qxd3 Bxf6 14. 0-0-0 b5 15. Ne2 Bd7 16. Bc5 Rf7 17. h4 Qc7 18. Ng5 Bxg5 19. hxg5 g6 20. Be3 b4 21. a4 b3 22. Qxb3 Na5 23. Qb6 Bxa4 24. Nc3 Nc4 25. Qxc7 Rxc7 26. Bd4 Bc6 27. Rde1 Re8 28. b3 Na3 29. Be5 Rb7 30. Nd1 d4 31. Nf2 Bxg2 32. Ng4 Bxh1 33. Nf6+ Kf7 34. Rxh1 h5 35. gxh6 Rc8 36. h7 Rxc2+ 37. Kd1 1-0

[Event "Titled Tuesday intern op 04th Mar Early"]
[Site "Chess.com INT"]
[Date "2025.03.04"]
[Round "2"]
[White "Kozak, Adam"]
[Black "Zhu, Jiner"]
[Result "1-0"]
[WhiteElo "2601"]
[BlackElo "2514"]
[PlyCount "79"]
[EventDate "2025.03.04"]
[EventType "swiss (blitz)"]
[EventRounds "11"]
[EventCountry "USA"]
[SourceTitle "CB11_2025"]
[SourceDate "2025.03.12"]
[SourceVersion "1"]
[SourceVersionDate "2025.03.12"]
[SourceQuality "1"]

1. c4 Nf6 2. Nc3 g6 3. e4 d6 4. d4 Bg7 5. Nf3 0-0 6. Be2 e5 7. 0-0 Nc6 8. d5 Ne7 9. Ne1 Nd7 10. Be3 f5 11. f3 f4 12. Bf2 g5 13. a4 h5 14. Nb5 a6 15. Na7 Rxa7 16. Bxa7 b6 17. a5 Ng6 18. b4 Rf7 19. c5 bxc5 20. bxc5 Nf6 21. cxd6 cxd6 22. Bb6 Qf8 23. Rc1 g4 24. Nd3 Bh6 25. Re1 Nh4 26. Bf2 g3 27. hxg3 fxg3 28. Bxg3 Ng6 29. Bh2 h4 30. f4 Nxe4 31. Bg4 Nc5 32. Nxc5 dxc5 33. Be6 Nxf4 34. Qg4+ Kh8 35. Qxh4 Qg7 36. Rc2 Rf8 37. Bxc8 Rxc8 38. Bxf4 exf4 39. Re7 Qd4+ 40. Kh2 1-0

[Event "Titled Tuesday intern op 04th Mar Early"]
[Site "Chess.com INT"]
[Date "2025.03.04"]
[Round "6"]
[White "Mekhitarian, Krikor Sevag"]
[Black "Zhu, Jiner"]
[Result "1-0"]
[WhiteElo "2564"]
[BlackElo "2514"]
[PlyCount "133"]
[EventDate "2025.03.04"]
[EventType "swiss (blitz)"]
[EventRounds "11"]
[EventCountry "USA"]
[SourceTitle "CB11_2025"]
[SourceDate "2025.03.12"]
[SourceVersion "1"]
[SourceVersionDate "2025.03.12"]
[SourceQuality "1"]

1. Nf3 Nf6 2. c4 g6 3. Nc3 Bg7 4. e4 d6 5. d4 0-0 6. h3 e5 7. dxe5 dxe5 8. Qxd8 Rxd8 9. Bg5 Re8 10. Nd5 Nxd5 11. cxd5 c6 12. Bc4 Bd7 13. 0-0-0 cxd5 14. Bxd5 Bc6 15. Kb1 Bxd5 16. Rxd5 Nc6 17. Rd7 h6 18. Be3 Nd4 19. Rxb7 a5 20. Rc1 Nxf3 21. gxf3 Re6 22. Rb6 Ra6 23. Rc8+ Kh7 24. Rxa6 Rxa6 25. Rc3 h5 26. Kc2 Bf8 27. Kd3 a4 28. Ke2 Ra5 29. Rc4 Rb5 30. Bc1 Ra5 31. Bd2 Rb5 32. Bc3 a3 33. b4 Kh6 34. Bd2+ Kg7 35. Kd3 Rb7 36. Kc2 Be7 37. Bc3 Bf6 38. Kb3 Rd7 39. Kc2 Rb7 40. Rc5 Kh6 41. Rc6 Be7 42. Bd2+ Kg7 43. Kb3 Rd7 44. Kc2 Rb7 45. Rc4 Kf6 46. Bc3 Kg5 47. Kb3 Kh4 48. Kxa3 Kxh3 49. Kb3 Kg2 50. Bxe5 h4 51. a4 h3 52. a5 f6 53. Bg3 h2 54. Bxh2 Kxh2 55. Ka4 Rd7 56. b5 Bd8 57. b6 Kg2 58. Kb5 Kxf3 59. a6 Bxb6 60. Kxb6 Rd6+ 61. Rc6 Rd1 62. Rxf6+ Kxe4 63. Rxg6 Rb1+ 64. Kc7 Rc1+ 65. Kb7 Rb1+ 66. Rb6 Ra1 67. a7 1-0

[Event "Titled Tuesday intern op 04th Mar Early"]
[Site "Chess.com INT"]
[Date "2025.03.04"]
[Round "5"]
[White "Zhu, Jiner"]
[Black "Ljukin, Sergei"]
[Result "1-0"]
[WhiteElo "2514"]
[BlackElo "2362"]
[PlyCount "85"]
[EventDate "2025.03.04"]
[EventType "swiss (blitz)"]
[EventRounds "11"]
[EventCountry "USA"]
[SourceTitle "CB11_2025"]
[SourceDate "2025.03.12"]
[SourceVersion "1"]
[SourceVersionDate "2025.03.12"]
[SourceQuality "1"]

1. d4 d5 2. Nf3 Nf6 3. Bf4 c5 4. e3 Nc6 5. c3 Qb6 6. Qc2 Bg4 7. Nbd2 e6 8. Be2 Rc8 9. Qb3 c4 10. Qxb6 axb6 11. h3 Bf5 12. g4 Bg6 13. Nh4 b5 14. a3 Nd7 15. Nxg6 hxg6 16. e4 Nf6 17. f3 Be7 18. Kf2 Kd7 19. e5 Ne8 20. Bg3 Nc7 21. f4 Na8 22. Nf3 Nb6 23. Rad1 Na4 24. Rd2 Ra8 25. Bd1 Na5 26. Kg2 Nc6 27. h4 Nxc3 28. bxc3 Rxa3 29. Rb2 b4 30. cxb4 Nxb4 31. Be1 c3 32. Rb3 Rxb3 33. Bxb3 Rc8 34. Kf2 Nd3+ 35. Ke3 c2 36. Bxc2 Nxe1 37. Ba4+ Kd8 38. Rxe1 Rc3+ 39. Kf2 Ra3 40. Bb5 Rb3 41. Be2 b5 42. Ra1 Ba3 43. Bxb5 1-0